[Event "Lone Pine"]
[Site "Lone Pine"]
[Date "1980.??.??"]
[Round "9"]
[White "Arnason, Jon L"]
[Black "Panno, Oscar"]
[Result "0-1"]
[WhiteElo "2435"]
[BlackElo "2540"]

1.e4 c5 2.Nf3 e6 3.d4 cxd4 4.Nxd4 a6 5.Bd3 g6 6.Be3 Bg7 7.Nc3 Nc6 8.Be2 d5
9.exd5 exd5 10.O-O Nge7 11.Na4 O-O 12.c3 Re8 13.Re1 Ne5 14.Nc2 Be6 15.Nc5 Nf5
16.Nxb7 Qb8 17.Nc5 Qxb2 18.Na4 Nxe3 19.Nxe3 Qa3 20.Qb3 Qf8 21.Qc2 Nc4 22.Bf3 Nxe3
23.Rxe3 Rac8 24.Qd1 Red8 25.Rd3 d4 26.cxd4 Bf5 27.Rd2 Rc4 28.Rc1 Rxc1 29.Qxc1 Bh6
30.Qd1 Bxd2 31.Qxd2 Qa3 32.Nc3 Rc8 33.Nd1 Qd3 34.Qb4 Be4 35.Qb7 Bxb7  0-1

[Event "Los Polvorines op"]
[Site "Los Polvorines"]
[Date "1980.??.??"]
[Round "?"]
[White "Mahia, Gustavo"]
[Black "Schweber, Samuel"]
[Result "1-0"]
[WhiteElo "2200"]
[BlackElo "2425"]

1.e4 c5 2.Nf3 e6 3.d4 cxd4 4.Nxd4 a6 5.Bd3 d6 6.O-O Nd7 7.c4 g6 8.Nc3 Bg7
9.Nf3 Ne7 10.Bf4 Qc7 11.Bc2 Ne5 12.Nxe5 dxe5 13.Ba4+ Nc6 14.Bxc6+ Qxc6 15.Be3 Bd7
16.Qd3 O-O 17.Rfd1 Rfd8 18.c5 Bf6 19.Qd6 Be8 20.Qxc6 Bxc6 21.Kf1 Rxd1+ 22.Rxd1 Rd8
23.Rxd8+ Bxd8 24.b4 Be7 25.a3 Kf8 26.Ke2 Ke8 27.Kd3 Kd7 28.Kc4 Kc7 29.a4 Be8
30.b5 Kc8 31.Na2 Bd8 32.Kb4 g5 33.f3 h5 34.Nc1 f6 35.Nb3 h4 36.Nd2 Bc7 37.Nc4 Kb8
38.Bf2 Bd7 39.c6 bxc6 40.b6 Bd8 41.Bc5 Ka8 42.Na5 Be8 43.Nc4 g4 44.Ka5 Bd7
45.fxg4 f5 46.Nxe5 Bc8 47.Nf7 Bf6 48.e5 Bg7 49.g5 Kb8 50.Bd6+ Ka8 51.g6 f4
52.Bc5 h3 53.gxh3 f3 54.h4 Bf8 55.Nd6 Kb8 56.Nxc8 Kxc8 57.Kxa6  1-0

[Event "WchT U26"]
[Site "Mexico"]
[Date "1980.??.??"]
[Round "?"]
[White "Kengis, Edvins"]
[Black "Norris, Alan J"]
[Result "0-1"]
[WhiteElo "2200"]
[BlackElo "2250"]

1.e4 c5 2.Nf3 e6 3.d4 cxd4 4.Nxd4 a6 5.Bd3 Nf6 6.O-O d6 7.c4 Nbd7 8.Nc3 Be7
9.Be3 Qc7 10.Rc1 O-O 11.f3 b6 12.Rf2 Bb7 13.g4 Ne5 14.Be2 Rfe8 15.g5 Nfd7
16.f4 Nc6 17.Nxc6 Bxc6 18.Bf3 Qb7 19.b4 b5 20.Nd5 Bf8 21.cxb5 axb5 22.Rxc6 Qxc6
23.Rc2 Qxc2 24.Qxc2 exd5 25.Qc6 dxe4 26.Bxe4 Rxa2 27.Bd5 Re2 28.Bf2 R8e7
29.Qxb5 Rd2 30.Kf1 Ne5 31.Be1 Rd1 32.fxe5 Rxe5 33.Qc4 Rdxd5 34.Bc3 Rxg5 35.h4 Rgf5+
36.Ke2 h5 37.Ke3 Rb5 38.Qc8 Rf1 39.Kd3 Rf4 40.Qc6 Rff5 41.Kc4 Rbc5+  0-1

[Event "WchT U26"]
[Site "Mexico"]
[Date "1980.??.??"]
[Round "?"]
[White "Zapata, Alonso"]
[Black "Giardelli, Sergio C"]
[Result "0-1"]
[WhiteElo "2410"]
[BlackElo "2300"]

1.e4 c5 2.Nf3 e6 3.d4 cxd4 4.Nxd4 a6 5.Bd3 Nf6 6.O-O d6 7.Nc3 Be7 8.Nb3 O-O
9.f4 Nc6 10.Qe2 Qc7 11.Bd2 b5 12.Rae1 b4 13.Nd1 Bb7 14.c3 Rad8 15.Nf2 a5
16.Bb1 e5 17.Kh1 Rfe8 18.cxb4 axb4 19.Rc1 Qb8 20.Nd3 Qa8 21.fxe5 Nxe5 22.Nxe5 dxe5
23.Rfe1 h6 24.Qf3 Rd7 25.Re3 Red8 26.Be1 Nh7 27.h4 Nf8 28.Nc5 Bxc5 29.Rxc5 Qa7
30.Rc4 Rd6 31.Rxb4 Rf6 32.Qg3 Rf1+ 33.Kh2 Rd1 34.Rxb7 Qxb7 35.Bd3 Rf4 36.b4 Qa7
37.Bc2 Rc1 38.Re2 Rf1  0-1

[Event "New York MCC"]
[Site "New York"]
[Date "1980.??.??"]
[Round "4"]
[White "Peters, John A"]
[Black "Lein, Anatoly"]
[Result "1/2-1/2"]
[WhiteElo "2465"]
[BlackElo "2520"]

1.e4 c5 2.Nf3 e6 3.d4 cxd4 4.Nxd4 a6 5.Bd3 Ne7 6.O-O Nec6 7.Nb3 d6 8.c4 Be7
9.Nc3 Nd7 10.Be3 b6 11.f4 Nc5 12.Be2 O-O 13.Rc1 Bb7 14.Nd2 Re8 15.a3 a5 16.Nb5 Bf8
17.Bf2 g6 18.Rb1 a4 19.Bf3 Bh6 20.g3 e5 21.Bg2 exf4 22.gxf4 Na7 23.Nc3 Bxf4  1/2-1/2

[Event "New York Inv"]
[Site "New York"]
[Date "1980.??.??"]
[Round "9"]
[White "Mednis, Edmar John"]
[Black "Matera, Salvatore"]
[Result "1-0"]
[WhiteElo "2485"]
[BlackElo "2410"]

1.e4 c5 2.Nf3 e6 3.d4 cxd4 4.Nxd4 a6 5.Bd3 Nf6 6.O-O d6 7.c4 Be7 8.Nc3 O-O
9.Kh1 b6 10.f4 Bb7 11.Qe2 Qc7 12.Bd2 Nc6 13.Nf3 Rad8 14.Rac1 Qb8 15.Qf2 Ba8
16.Rce1 Nd7 17.Qg3 Rfe8 18.Bb1 b5 19.cxb5 axb5 20.f5 Nce5 21.fxe6 fxe6 22.Nd4 Nf8
23.Ndxb5 Nfg6 24.Bg5 Bxg5 25.Qxg5 Bc6 26.a4 h6 27.Qg3 Kh7 28.Rd1 Rf8 29.Ba2 Rxf1+
30.Rxf1 d5 31.exd5 exd5 32.Nd4 Qxb2 33.Nxc6 Nxc6 34.Bxd5 Nce7 35.Be4 Rc8
36.Nd5 Rc1 37.Qf4 Rxf1+ 38.Qxf1 Nxd5 39.Bxd5 Qd4 40.Bc6 Ne5 41.Bb5 g5 42.a5 Qc5
43.a6 Ng4 44.Qb1+ Kg7 45.Qb2+ Kg8 46.h3 Nf2+ 47.Kh2 Ne4 48.g3 Qe3 49.Bc4+ Kf8
50.Qb8+ Ke7 51.Qc7+ Ke8 52.Bb5+ Kf8 53.Qd8+ Kg7 54.Qe7+ Kg6 55.Qe6+ Kh7 56.Qf5+ Kg7
57.Qe5+ Kg6 58.Bf1 Qf2+ 59.Bg2 Nd2 60.Qd6+ Kg7 61.Qd7+ Kf6 62.Qxd2 Qxd2 63.a7 h5
64.a8=Q h4 65.Qf3+ Kg7 66.g4  1-0

[Event "ARG-ch"]
[Site "Quilmes"]
[Date "1980.??.??"]
[Round "2"]
[White "Borghi, Humberto"]
[Black "Schweber, Samuel"]
[Result "1/2-1/2"]
[WhiteElo "2395"]
[BlackElo "2425"]

1.e4 c5 2.Nf3 e6 3.d4 cxd4 4.Nxd4 a6 5.Bd3 d6 6.O-O Nd7 7.Kh1 Ngf6 8.f4 Be7
9.c4 Qc7 10.Nc3 b6 11.Qe2 Bb7 12.Bd2 g6 13.Rae1 O-O 14.e5 Nh5 15.Nf3 Rad8
16.b3 Ng7 17.Be4 Bxe4 18.Nxe4 dxe5 19.fxe5 Nxe5 20.Bf4 f6 21.Nxf6+ Bxf6 22.Nxe5 Bxe5
23.Bxe5 Qd7 24.Bc3 Rxf1+ 25.Rxf1 Qd3 26.Qf2 Nf5 27.Be5 Qe3 28.Qxe3 Nxe3 29.Rc1 Rc8
30.Bd4 Nd5 31.Re1 Nb4 32.Bxb6 Rc6 33.Ba5 Nd3 34.Rf1 e5 35.Bd2 h5 36.Be3 Nb4
37.Bd2 Nd3 38.Kg1 e4 39.Rd1 Rf6 40.Bc3 Rf5 41.a3 Rf7 42.b4 Rb7 43.Kf1 Kf7
44.Ke2 Ke6 45.Bd4 Rc7 46.c5 Kd5 47.Be3 Kc4 48.Rb1 Rf7 49.h3 Kb5 50.Rd1 Kc4
51.Ra1 Rf6 52.Rd1 Rf7 53.Rd2 Kc3 54.Rd1 Kc4  1/2-1/2

[Event "ARG-ch"]
[Site "Quilmes"]
[Date "1980.??.??"]
[Round "12"]
[White "Hase, Juan C"]
[Black "Giardelli, Sergio C"]
[Result "1/2-1/2"]
[WhiteElo "2395"]
[BlackElo "2300"]

1.e4 c5 2.Nf3 e6 3.d4 cxd4 4.Nxd4 a6 5.Bd3 Nf6 6.O-O d6 7.f4 Be7 8.Nf3 Nc6
9.Qe2 e5 10.Nc3 O-O 11.Nd5 Bg4 12.c3 exf4 13.Bxf4 Ne5 14.Bxe5 dxe5 15.Bc4 Nxd5
16.Bxd5 Qc7 17.Kh1 Kh8 18.Qf2 f5 19.exf5 Rxf5 20.Qg3 Bxf3 21.Rxf3 Rxf3 22.Qxf3 Rf8
23.Qe2 a5  1/2-1/2

[Event "Reykjavik"]
[Site "Reykjavik"]
[Date "1980.??.??"]
[Round "?"]
[White "Angantysson, Haukur"]
[Black "Vasiukov, Evgeni"]
[Result "0-1"]
[WhiteElo "2425"]
[BlackElo "2545"]

1.e4 c5 2.Nf3 e6 3.d4 cxd4 4.Nxd4 a6 5.Bd3 g6 6.c4 Bg7 7.Be3 Nf6 8.Nc3 d6
9.O-O O-O 10.Rc1 b6 11.f3 Bb7 12.Qd2 Nbd7 13.Rfd1 Qc7 14.Bf1 Rfe8 15.b4 Bf8
16.a3 Qb8 17.Kh1 Rc8 18.Bg5 Ra7 19.Qe3 Ba8 20.f4 Rac7 21.Nb3 Qb7 22.Re1 Bg7
23.a4 h6 24.Bh4 Rxc4 25.Bxc4 Rxc4 26.Nd2 Rxb4 27.Rb1 Rxb1 28.Rxb1 Qc6 29.Rc1 Nc5
30.Qe2 Nxa4 31.Na2 Nc5 32.Nb4 Qb7 33.Bxf6 Bxf6 34.f5 exf5 35.exf5 a5 36.Nc2 Nd3
37.Rf1 g5 38.Nf3 Qe4 39.Qxe4 Bxe4 40.Ne3 d5 41.Nd2 Bd4 42.Nxe4 dxe4 43.Nc2 Bc5
44.Rb1 e3 45.g3 a4 46.Kg2 Kg7 47.Kf3 Ne5+ 48.Ke4 Ng4 49.Nd4 Nxh2 50.Kxe3 Ng4+
51.Ke4 Nf6+ 52.Kd3 g4 53.Ra1 a3 54.Nb5 Nh5 55.Ke4 Kf6 56.Nxa3 Kg5 57.Nc4 Nxg3+
58.Kd5 Nxf5 59.Rh1 f6 60.Ke6 Ne7  0-1

[Event "Silkeborg"]
[Site "Silkeborg"]
[Date "1980.??.??"]
[Round "9"]
[White "Mortensen, Erling"]
[Black "Iskov, Gert"]
[Result "0-1"]
[WhiteElo "2400"]
[BlackElo "2400"]

1.e4 c5 2.Nf3 e6 3.d4 cxd4 4.Nxd4 a6 5.Bd3 Nf6 6.O-O d6 7.c4 Be7 8.Nc3 O-O
9.Qe2 b6 10.f4 Bb7 11.Nf3 Nc6 12.Kh1 Nd7 13.Bd2 Nc5 14.Bb1 b5 15.Be3 bxc4
16.Bxc5 dxc5 17.Qxc4 Qb6 18.Qe2 Nd4 19.Nxd4 cxd4 20.Nd1 Rae8 21.Bd3 f5 22.Nf2 Bh4
23.e5 Kh8 24.Nh3 Rg8 25.Ng5 Bxg5 26.fxg5 g6 27.Rac1 Rc8 28.h4 a5 29.Kh2 Rc5
30.g4 Rxc1 31.Rxc1 f4 32.Rf1 Rf8 33.h5 Qd8 34.hxg6 Qxg5 35.Be4 Qh4+ 36.Kg1 Qg3+
37.Qg2 Qe3+  0-1

[Event "Smederevska Palanka"]
[Site "Smederevska Palanka"]
[Date "1980.??.??"]
[Round "?"]
[White "Ermenkov, Evgenij"]
[Black "Cebalo, Miso"]
[Result "1/2-1/2"]
[WhiteElo "2495"]
[BlackElo "2465"]

1.e4 c5 2.Nf3 e6 3.d4 cxd4 4.Nxd4 a6 5.Bd3 Nf6 6.O-O d6 7.c4 Nbd7 8.Nc3 b6
9.f4 Qc7 10.Kh1 Be7 11.Qe2 Bb7 12.Bd2 O-O 13.Rac1 Qc5 14.b4 Qh5 15.Rf3 a5
16.a3 axb4 17.axb4 Rfe8 18.Qf1 d5 19.Rh3 Qxh3 20.gxh3 dxe4 21.Nxe4 Nxe4 22.Bxe4 Bxe4+
23.Kg1 Ra2 24.Qe1 f5 25.Ra1 Rea8 26.Rxa2 Rxa2 27.Ne2 Nf6 28.Ng3 Kf7 29.Qe3 h5
30.Qd4 Ba8 31.Kf1 h4 32.Ne2 Bf3 33.Nc1 Rc2 34.Nd3 Bg2+ 35.Kxg2 Rxd2+ 36.Kf3 Ne4
37.Ne5+ Kf6 38.Qxb6 g5 39.Qb8 Rf2+ 40.Ke3 gxf4+ 41.Kd4 Rd2+ 42.Nd3 Kf7 43.c5 f3
44.Kc4 f2 45.Qf4 Bg5 46.Qf3 Kf6 47.Kb5 e5 48.Kc6 Ke6 49.b5 Be3 50.Qxe3 f1=Q
51.Qh6+ Ke7  1/2-1/2

[Event "Rilton Cup"]
[Site "Stockholm"]
[Date "1980.??.??"]
[Round "?"]
[White "Ivarsson, Johnny"]
[Black "Sjoberg, Mats"]
[Result "0-1"]
[WhiteElo "2355"]
[BlackElo "2230"]

1.e4 c5 2.Nf3 e6 3.d4 cxd4 4.Nxd4 a6 5.Bd3 Bc5 6.Nb3 Ba7 7.Qe2 Nc6 8.Be3 Bxe3
9.Qxe3 Nf6 10.Nc3 e5 11.O-O-O b5 12.Be2 O-O 13.g4 b4 14.Nd5 d6 15.f4 Nxd5
16.exd5 exf4 17.Qxf4 Ne5 18.h4 a5 19.Nd4 Qb6 20.h5 f6 21.g5 f5 22.Nc6 Re8
23.Rhe1 Bd7 24.Bc4 Qc5 25.Rxe5 dxe5 26.Nxe5 Qd6 27.Re1 Re7 28.g6 h6  0-1

[Event "Zamardi op"]
[Site "Zamardi"]
[Date "1980.??.??"]
[Round "?"]
[White "Lanc, Alois"]
[Black "Krajcsovits, Marton"]
[Result "1/2-1/2"]
[WhiteElo "2380"]
[BlackElo "2225"]

1.e4 c5 2.Nf3 e6 3.d4 cxd4 4.Nxd4 a6 5.Bd3 Nc6 6.Nxc6 dxc6 7.O-O e5 8.a4 Bd6
9.Nd2 Be6 10.Qe2 Ne7 11.Bc4 Qc8 12.Bxe6 Qxe6 13.Nc4 Bc5 14.a5 O-O 15.b3 Ng6
16.Ba3 Nf4 17.Qf3 Bxa3 18.Rxa3 Rad8 19.Raa1 Rd4 20.Rae1 Rfd8 21.h3 h5 22.Kh2 f6
23.Rh1 g5 24.Kg1 Kf7 25.h4 g4 26.Qe3 Rd1 27.Kh2 Rxe1 28.Rxe1 Qd7 29.g3 Ne6
30.Qh6 Ng7 31.Kg1 Qd4 32.Qh7 Qc3 33.Rf1 Qxc2 34.Ne3 Qxb3 35.Nf5 Rg8 36.Nh6+ Kf8
37.Nxg8 Qxg8 38.Qh6 Qe6 39.Rb1 Qe7 40.Qh8+ Kf7 41.Qc8 Kg6 42.Rxb7  1/2-1/2

[Event "Zamardi op"]
[Site "Zamardi"]
[Date "1980.??.??"]
[Round "?"]
[White "Lanc, Alois"]
[Black "Tokaji, Nagy Gyorgy"]
[Result "1-0"]
[WhiteElo "2380"]
[BlackElo "2200"]

1.e4 c5 2.Nf3 e6 3.d4 cxd4 4.Nxd4 a6 5.Bd3 Nc6 6.Nxc6 bxc6 7.O-O Qc7 8.c4 Bb7
9.Nc3 Nf6 10.Qe2 Bd6 11.h3 Be5 12.c5 O-O 13.Na4 d5 14.cxd6 Qa5 15.Qc2 Bxd6
16.Be3 Nd7 17.f4 e5 18.f5 c5 19.b3 Rac8 20.Nb2 c4 21.Nxc4 Qd8 22.Rad1 Bc5
23.Qf2 Qf6 24.Kh2 Bxe3 25.Qxe3 h6 26.Bc2 Nb6 27.Bd3 Nxc4 28.Bxc4 a5 29.Rf2 Rc7
30.Kg3 Rfc8 31.Rfd2 Qc6 32.Rd5 Ba6 33.Rd6 Qxd6 34.Rxd6 Bxc4 35.bxc4 Rxc4
36.Kh2 Ra4 37.f6 g5 38.Qe2 Rc7 39.Rd8+ Kh7 40.Qf3  1-0

[Event "Biel"]
[Site "Biel"]
[Date "1981.??.??"]
[Round "?"]
[White "Cuartas, Carlos"]
[Black "Lobron, Eric"]
[Result "0-1"]
[WhiteElo "2430"]
[BlackElo "2395"]

1.e4 c5 2.Nf3 e6 3.d4 cxd4 4.Nxd4 a6 5.Bd3 g6 6.b3 Bg7 7.Bb2 Nf6 8.c4 d6
9.O-O O-O 10.Nc3 Nbd7 11.Rc1 Qc7 12.Qe2 b6 13.Kh1 Bb7 14.f4 Rfe8 15.b4 Rac8
16.Nb3 Qb8 17.Rce1 Nh5 18.Qd2 Bh6 19.Ne2 e5 20.Qc3 Ndf6 21.fxe5 dxe5 22.Ng1 Nf4
23.Nf3 Nxd3 24.Qxd3 Rcd8 25.Qc2 Re6 26.Nxe5 Rxe5 27.Rxf6 Rxe4 28.Rff1 Rg4
29.Re2 Qa8 30.h3 Be4 31.Qc3 Bxg2+ 32.Kg1 Be3+ 33.Qxe3 Bxh3+ 34.Kh2 Bxf1 35.Rf2 Rg2+  0-1

[Event "Bochum"]
[Site "Bochum"]
[Date "1981.??.??"]
[Round "?"]
[White "Lobron, Eric"]
[Black "Garcia Gonzales, Guillermo"]
[Result "1/2-1/2"]
[WhiteElo "2405"]
[BlackElo "2520"]

1.e4 c5 2.Nf3 e6 3.d4 cxd4 4.Nxd4 a6 5.Bd3 Nf6 6.O-O d6 7.c4 Be7 8.Nc3 O-O
9.Re1 Qc7 10.Bf1 Nbd7 11.Bg5 b6 12.Rc1 Bb7 13.Qf3 Rfe8 14.Qh3 Nc5 15.f3 Rac8
16.Be3 h6 17.Qg3 Kh8 18.Qf2 Ncd7 19.h3 Qb8 20.Red1 Bf8 21.a3 Ba8 22.b4 Ne5
23.Na4 Nfd7 24.Nb3  1/2-1/2

[Event "Elekes mem-B"]
[Site "Budapest"]
[Date "1981.??.??"]
[Round "?"]
[White "Lanc, Alois"]
[Black "Krajcsovits, Marton"]
[Result "1-0"]
[WhiteElo "2415"]
[BlackElo "2235"]

1.e4 c5 2.Nf3 e6 3.d4 cxd4 4.Nxd4 a6 5.Bd3 Nc6 6.Nxc6 dxc6 7.O-O e5 8.Nd2 Bd6
9.Nc4 Bc7 10.a4 Be6 11.Qh5 b5 12.axb5 axb5 13.Rxa8 Qxa8 14.Ne3 Nf6 15.Qh4 Qa4
16.b3 Qb4 17.Qg5 O-O 18.Nf5 Bxf5 19.Qxf5 Qd6 20.Be3 Ra8 21.g3 Nd7 22.f4 f6
23.Rd1 Nf8 24.Bc4+ bxc4 25.Rxd6 Bxd6 26.fxe5 cxb3 27.cxb3 Bxe5 28.Qf2 Ne6
29.Qc2 c5 30.Qc4 Kf7 31.Qd5 Rd8 32.Qb7+ Kg6 33.Qe7 Rd3 34.Qe8+  1-0

[Event "Budva zt"]
[Site "Budva"]
[Date "1981.??.??"]
[Round "17"]
[White "Soylu, Suat"]
[Black "Cebalo, Miso"]
[Result "0-1"]
[WhiteElo "2235"]
[BlackElo "2500"]

1.e4 c5 2.Nf3 e6 3.d4 cxd4 4.Nxd4 a6 5.Bd3 Nf6 6.O-O d6 7.c4 Be7 8.Nc3 O-O
9.b3 b6 10.Bb2 Bb7 11.Qe2 Nbd7 12.Kh1 Qc7 13.f4 Rfe8 14.Nf3 Rad8 15.Rae1 g6
16.Bb1 Bf8 17.e5 Nh5 18.Ng5 Bg7 19.Nce4 dxe5 20.fxe5 Nxe5 21.Bxe5 Bxe5 22.Nxf7 Nf4
23.Rxf4 Bxf4 24.Nxd8 Qxd8 25.Qg4 Be5 26.h4 Bxe4 27.Qxe4 Bg3 28.Rf1 Qxh4+
29.Qxh4 Bxh4 30.Rd1 Re7 31.Be4 Kf7 32.Kg1 Kf6 33.Kf1 Ke5 34.Bf3 Rc7 35.Ke2 Bg5
36.a4 a5 37.Rd3 h5 38.Rd1 Be7 39.Kf2 Kf5 40.Ke2 Bc5 41.Rd8 Rf7 42.Kd3 Rf6
43.Rg8 Kf4 44.Rh8 Rf7 45.Bc6 Rc7 46.Bb5 e5 47.Rh6 e4+ 48.Ke2 Kg5 49.Rh8 Rf7
50.Re8 Rf2+ 51.Ke1 e3  0-1

[Event "Caorle op"]
[Site "Caorle"]
[Date "1981.??.??"]
[Round "4"]
[White "Ubezio, Marco"]
[Black "Martorelli, Antonio"]
[Result "0-1"]
[WhiteElo "2015"]
[BlackElo "2290"]

1.e4 c5 2.Nf3 e6 3.d4 cxd4 4.Nxd4 a6 5.Bd3 Nc6 6.Nxc6 dxc6 7.O-O e5 8.Nd2 Bd6
9.Nc4 Bc7 10.f4 exf4 11.Bxf4 Bxf4 12.Rxf4 b5 13.Ne3 Qd4 14.Qf3 Ne7 15.c3 Qe5
16.Rxf7 Be6 17.Qf4 Ng6 18.Qxe5 Nxe5 19.Rxg7 Nxd3 20.Nf5 Bxf5 21.exf5 O-O-O
22.f6 h5 23.Rd1 Rhf8 24.f7 Nxb2 25.Re1 Kc7 26.h3 Rd7 27.Rf1 h4 28.g4 hxg3
29.h4 Nc4 30.h5 Ne3  0-1

[Event "Politiken Cup"]
[Site "Copenhagen"]
[Date "1981.??.??"]
[Round "10"]
[White "Plaskett, Jim"]
[Black "Ravikumar, Vaidyanathan"]
[Result "1-0"]
[WhiteElo "2405"]
[BlackElo "2325"]

1.e4 c5 2.Nf3 e6 3.d4 cxd4 4.Nxd4 a6 5.Bd3 Ne7 6.O-O Nec6 7.c3 d6 8.Be3 Be7
9.Nd2 Bd7 10.Nc4 Ne5 11.a4 Nxc4 12.Bxc4 Nc6 13.f4 Rc8 14.f5 Nxd4 15.Qxd4 O-O
16.Ba2 Rc6 17.Rad1 Bc8 18.Qd2 Qa5 19.Bd4 Qxa4 20.Ra1 Qb5 21.c4 Rxc4 22.Bxc4 Qxc4
23.Rfc1 Qb5 24.Rc7 Qe8 25.f6 gxf6 26.Rac1 Bd7 27.Rxb7 Bd8 28.Rc3 e5 29.Qh6 Bg4
30.Rg3 Qe6 31.Qh5 Kh8 32.Rxg4 f5 33.exf5 Qd5 34.Qh6 Rg8 35.Rb8 f6 36.Rxd8  1-0

[Event "DDR-ch (Women)"]
[Site "Fuerstenwalde"]
[Date "1981.??.??"]
[Round "3"]
[White "Wolf, Sylvia"]
[Black "Broeder, Iris"]
[Result "0-1"]
[WhiteElo "2000"]
[BlackElo "2025"]

1.e4 c5 2.Nf3 e6 3.d4 cxd4 4.Nxd4 a6 5.Bd3 Qc7 6.O-O b5 7.Qe2 Bb7 8.Nd2 Bd6
9.N2f3 Ne7 10.Rd1 Nbc6 11.Nxc6 Nxc6 12.Be3 Ne5 13.h3 O-O 14.Nxe5 Bxe5 15.c4 bxc4
16.Bxc4 Bxe4 17.Rac1 Qb7 18.f3 Bg6 19.Bc5 Bxb2 20.Bxf8 Kxf8 21.Bd3 Bxc1 22.Rxc1 d5
23.Qc2 Bxd3 24.Qxd3 Kg8 25.Qc3 h6 26.a4 Qb6+ 27.Kf1 Rb8 28.Rc2 Qb4 29.Qc7 Qb1+
30.Kf2 Rb2 31.Qc8+ Kh7 32.Rxb2 Qxb2+ 33.Kg3 Qe5+ 34.Kf2 Qd4+ 35.Kg3 Qxa4
36.Qb7 Kg6 37.h4 h5 38.Qb1+ Kh6 39.Qb7 Qe8 40.Qxa6 Qb8+ 41.Kh3 Qf4 42.Qd3 Qf5+
43.Qxf5 exf5  0-1

[Event "DDR-ch (Women)"]
[Site "Fuerstenwalde"]
[Date "1981.??.??"]
[Round "5"]
[White "Bade, Heidrun"]
[Black "Broeder, Iris"]
[Result "1-0"]
[WhiteElo "2000"]
[BlackElo "2025"]

1.e4 c5 2.Nf3 e6 3.d4 cxd4 4.Nxd4 a6 5.Bd3 Qc7 6.O-O b5 7.Be3 Bb7 8.Nd2 Nf6
9.Qe2 Be7 10.f4 d6 11.h3 Nbd7 12.Rac1 Nc5 13.Bf2 d5 14.e5 Nfe4 15.Bxe4 Nxe4
16.Nxe4 dxe4 17.c4 b4 18.Nc2 O-O 19.Rfd1 Kh8 20.Rd2 Rac8 21.b3 g5 22.Rcd1 Bc6
23.Qg4 gxf4 24.Qxf4 f6 25.Bd4 f5 26.Qh6 Rce8 27.Ne3 Bb7 28.Nd5 Bxd5 29.cxd5 Bc5
30.d6 Bxd4+ 31.Rxd4 Qd8 32.d7  1-0

[Event "DDR-ch (Women)"]
[Site "Fuerstenwalde"]
[Date "1981.??.??"]
[Round "11"]
[White "Winter, Irene"]
[Black "Broeder, Iris"]
[Result "0-1"]
[WhiteElo "1980"]
[BlackElo "2025"]

1.d4 e6 2.e4 c5 3.Nf3 cxd4 4.Nxd4 a6 5.Bd3 Nf6 6.Nc3 Qc7 7.Qe2 d6 8.O-O Be7
9.Be3 Nbd7 10.f4 b5 11.g4 b4 12.g5 bxc3 13.gxf6 Bxf6 14.f5 e5 15.Nb3 cxb2
16.Rab1 O-O 17.Qg4 Rd8 18.Rf3 Nf8 19.Qh5 a5 20.Rxb2 Rb8 21.a4 d5 22.Rh3 dxe4
23.Bxe4 Bb7 24.Qf3 Bxe4 25.Qxe4 Rd1+ 26.Kf2 Qc3 27.Ba7 Qxh3 28.Bxb8 Bh4+  0-1

[Event "DSV-Turnier"]
[Site "Halle"]
[Date "1981.??.??"]
[Round "4"]
[White "Pavlov, Mircea"]
[Black "Adamski, Jan"]
[Result "1/2-1/2"]
[WhiteElo "2415"]
[BlackElo "2430"]

1.e4 c5 2.Nf3 e6 3.d4 cxd4 4.Nxd4 a6 5.Bd3 Nf6 6.O-O d6 7.f4 Nbd7 8.Kh1 g6
9.Qe1 Bg7 10.Nf3 O-O 11.Nc3 Qc7 12.Qh4 b5 13.f5 Bb7 14.Bh6 Rae8 15.Ng5 Nh5
16.Bxg7 Kxg7 17.fxe6 fxe6 18.Qh3 Nc5 19.Rxf8 Rxf8 20.Nxe6+ Nxe6 21.Qxe6 Nf4
22.Qg4 Nxd3 23.cxd3 Rf2 24.Nd5 Bxd5 25.exd5 Qf7 26.Qd4+ Qf6 27.Qa7+ Qf7 28.Qd4+  1/2-1/2

[Event "DSV-Turnier"]
[Site "Halle"]
[Date "1981.??.??"]
[Round "13"]
[White "Hazai, Laszlo"]
[Black "Adamski, Jan"]
[Result "1/2-1/2"]
[WhiteElo "2450"]
[BlackElo "2430"]

1.e4 c5 2.Nf3 e6 3.d4 cxd4 4.Nxd4 a6 5.Bd3 Nf6 6.O-O d6 7.c4 Be7 8.Nc3 O-O
9.Qe2 b6 10.b3 Bb7 11.Bb2 Qc7 12.g4  1/2-1/2

[Event "DDR-ch U18"]
[Site "Ilmenau"]
[Date "1981.??.??"]
[Round "?"]
[White "Heinatz, Thomas"]
[Black "Tenner, Frank"]
[Result "0-1"]
[WhiteElo "2200"]
[BlackElo "2200"]

1.e4 c5 2.Nf3 e6 3.d4 cxd4 4.Nxd4 a6 5.Bd3 Qc7 6.O-O Nf6 7.c4 Bd6 8.Kh1 h5
9.f4 Bc5 10.Nb3 Ba7 11.Nc3 Ng4 12.Qe2 Nc6 13.Bd2 Qd8 14.Be1 g5 15.g3 gxf4
16.gxf4 b6 17.h3 Nf6 18.e5 Bb7 19.Ne4 Nxe4 20.Bxe4 Qc7 21.Bh4 Ne7 22.Bxe7 Kxe7
23.Rad1 Rac8 24.Nd2 h4 25.b3 Rcg8 26.Bxb7 Qxb7+ 27.Ne4 b5 28.Kh2 bxc4 29.Qxc4 Rg3
30.Rd2 Rhg8 31.Ng5 Be3 32.Rc2 Qb6 33.Rd1 Bg1+ 34.Kh1 Qb7+  0-1

[Event "Bayern-ch"]
[Site "Krumbach"]
[Date "1981.??.??"]
[Round "?"]
[White "Hartmann, Wolfram"]
[Black "Meinberger, Leo"]
[Result "1/2-1/2"]
[WhiteElo "2240"]
[BlackElo "2230"]

1.e4 c5 2.Nf3 e6 3.d4 cxd4 4.Nxd4 a6 5.Bd3 Nf6 6.O-O Qc7 7.a4 b6 8.Qe2 d6
9.c3 Be7 10.f4 Nbd7 11.Nd2 Bb7 12.Bc2 g6 13.N4f3 Nh5 14.Ne1 Nhf6 15.Nd3 Nc5
16.Nf2 e5 17.Ng4 Nxg4 18.Qxg4 exf4 19.Qxf4 O-O 20.Nf3 Ne6 21.Qh6 Bf6 22.Be3 Bg7
23.Qh4 d5 24.exd5 Bxd5 25.Rad1 Rfd8 26.Qf2 Rab8 27.Rd2 b5 28.axb5 axb5 29.Rfd1 Bxf3
30.Rxd8+ Rxd8 31.Rxd8+ Nxd8 32.Qxf3 b4  1/2-1/2

[Event "Lone Pine op"]
[Site "Lone Pine"]
[Date "1981.??.??"]
[Round "?"]
[White "Gruenfeld, Yehuda"]
[Black "Lombardy, William James"]
[Result "1/2-1/2"]
[WhiteElo "2500"]
[BlackElo "2520"]

1.e4 c5 2.Nf3 e6 3.d4 cxd4 4.Nxd4 a6 5.Bd3 g6 6.O-O Bg7 7.Be3 Ne7 8.c4 O-O
9.Nc3 d6 10.Qd2 Qc7 11.Rac1 Bd7 12.Rfd1 Nbc6 13.Nxc6 Bxc6 14.Bf1 Rad8 15.Bf4 Nc8
16.c5 Be5 17.Bxe5 dxe5 18.Qg5 Kg7 19.b4 Rd4 20.Rxd4 exd4 21.Ne2 h6 22.Qg4 Qe5
23.Ng3 Qg5 24.Qd1 Rd8 25.Bd3 Ba4 26.Qe1 Na7 27.Ne2 e5 28.Rb1 Nb5 29.Qc1 Qxc1+
30.Rxc1 Na3 31.Kf1 f5 32.Ng3 f4 33.Nh1 Ra8 34.f3 a5 35.bxa5 Rxa5 36.Nf2 Bd7
37.Ke1 g5 38.Bf1 Kf6 39.Nd3 Rb5 40.Be2 h5 41.Bd1 Be6 42.c6 bxc6 43.Rxc6 Ke7
44.Ra6 Nc4 45.Bb3 Nd6 46.Ra7+ Kf6 47.Ra6 Ke7 48.Ra3 Bc4 49.Ra7+ Kf6 50.Ra6 Bxd3
51.Rxd6+ Kg7 52.Rd7+ Kf6 53.Rd6+ Kg7 54.Rd7+ Kf6  1/2-1/2

[Event "Lone Pine op"]
[Site "Lone Pine"]
[Date "1981.??.??"]
[Round "?"]
[White "McCambridge, Vincent"]
[Black "Gutman, Lev"]
[Result "0-1"]
[WhiteElo "2335"]
[BlackElo "2450"]

1.e4 c5 2.Nf3 e6 3.d4 cxd4 4.Nxd4 a6 5.Bd3 d6 6.O-O Nf6 7.c4 Be7 8.Nc3 O-O
9.Qe2 Nc6 10.Nxc6 bxc6 11.b3 Nd7 12.Bb2 Nc5 13.f4 Bf6 14.Rad1 Bd4+ 15.Kh1 e5
16.Bb1 a5 17.f5 Rb8 18.Qh5 f6 19.Rf3 Qe8 20.Qxe8 Rxe8 21.Ba3 Nb7 22.g4 Bd7
23.Ne2 c5 24.Bc2 Bc6 25.Bc1 a4 26.Bd2 axb3 27.axb3 Ra8 28.Nc3 Bxc3 29.Bxc3 Ra2
30.Bb1 Re2 31.Re1 Rxe1+ 32.Bxe1 Ra8 33.Bc3 Na5 34.Bxa5 Rxa5 35.Kg1 Ra3 36.Kf2 Ra1
37.Bd3 Ra2+ 38.Ke3 Rxh2 39.Be2 Rh1 40.Rf1 Rxf1 41.Bxf1 g6 42.Bg2 Kg7 43.Kf3 Kh6
44.Kg3 Kg5 45.Bf3 gxf5 46.gxf5 h5  0-1

[Event "Sokolsky mem"]
[Site "Minsk"]
[Date "1981.??.??"]
[Round "12"]
[White "Batiuta"]
[Black "Mochalov, Evgeny V"]
[Result "1/2-1/2"]
[WhiteElo "2200"]
[BlackElo "2430"]

1.e4 c5 2.Nf3 e6 3.d4 cxd4 4.Nxd4 a6 5.Bd3 Nf6 6.Qe2 d6 7.Nc3 Be7 8.g4 Nc6
9.Nb3 b5 10.g5 Nd7 11.Rg1 Nde5 12.Be3 Nxd3+ 13.cxd3 Rb8 14.f4 Bd7 15.Qh5 g6
16.Qf3 a5 17.h4 a4 18.Nd4 Qa5 19.Nxc6 Bxc6 20.Bd2 b4 21.Ne2 d5 22.e5 Bb5
23.h5 Qa6 24.Rg3 Rc8 25.Kd1 Kd7 26.Rh3 Qb6 27.Be3 Qa6 28.Bd4 gxh5 29.f5 Bxg5
30.Qxh5 Be7 31.Qxf7 Rcf8 32.Qxe6+ Qxe6 33.fxe6+ Kxe6 34.Kd2 h5 35.Rg1 Be8
36.Be3 Rhg8 37.d4 Rxg1 38.Bxg1 Rf1 39.Be3 Rb1 40.Nf4+ Kd7 41.Kc2 Ra1 42.Rg3 Bf7
43.Rg7 Be6 44.a3 bxa3 45.bxa3 Rxa3 46.Kd2 Ra2+ 47.Ke1 Bg4 48.Nxd5 Kd8 49.Rg8+  1/2-1/2

[Event "Montreal zt"]
[Site "Montreal"]
[Date "1981.??.??"]
[Round "?"]
[White "Nurmi, Peter"]
[Black "Buchholz, Martin"]
[Result "1-0"]
[WhiteElo "2320"]
[BlackElo "2235"]

1.e4 c5 2.Nf3 e6 3.d4 cxd4 4.Nxd4 a6 5.Bd3 Nc6 6.Nxc6 dxc6 7.Nd2 e5 8.Nc4 Bc5
9.O-O Qe7 10.Qh5 b5 11.Bg5 Qc7 12.Ne3 Bxe3 13.Bxe3 Nf6 14.Qg5 O-O 15.a4 Bb7
16.f3 Rfe8 17.Rfd1 Nd7 18.c4 b4 19.c5 a5 20.Bc4 Nf8 21.Rd6 Qe7 22.Qg3 Kh8
23.Rad1 Rad8 24.Bg5 f6 25.Bxf6 Qxf6 26.Rxf6 Rxd1+ 27.Kf2 Red8 28.Rd6 R8xd6
29.cxd6 Ng6 30.Qg5 Rxd6 31.h4 Bc8 32.h5 h6 33.Qe3 Nf4 34.Qc5 Rd2+ 35.Ke1 Rd8
36.Qe7 Nxg2+ 37.Kf2 Rd2+ 38.Kg3 Kh7 39.Qe8 Nf4 40.Qg8+  1-0

[Event "Pamporovo"]
[Site "Pamporovo"]
[Date "1981.??.??"]
[Round "11"]
[White "Danailov, Silvio"]
[Black "Velikov, Petar"]
[Result "1/2-1/2"]
[WhiteElo "2310"]
[BlackElo "2445"]

1.e4 c5 2.Nf3 e6 3.d4 cxd4 4.Nxd4 a6 5.Bd3 Qc7 6.O-O Nf6 7.c4 Nc6 8.Nxc6 dxc6
9.f4 e5 10.f5 Bc5+ 11.Kh1 h5 12.Nc3 Qd6 13.Na4 Bd4 14.c5 Bxc5 15.Nxc5 Qxc5
16.Qe2 Qe7 17.Be3 c5 18.Rac1 Nd7 19.b4 b6 20.bxc5 Nxc5 21.Bxc5 bxc5 22.Qe3 Bd7
23.Rxc5 Rh6 24.Rfc1 h4 25.Bc4 Kf8 26.Bb3 Rd6 27.Bd5 Rd8 28.Rc7 Qf6 29.Kg1 Be8
30.Rb7 R6d7 31.Rb6 Rd6 32.Rb7 R8d7  1/2-1/2